[Event "Marianske Lazne 2023"]
[Site "?"]
[Date "2023.01.16"]
[Round "3.1"]
[White "Rasik, Vitezslav"]
[Black "Stalmach, Richard"]
[Result "1/2-1/2"]
[BlackElo "2423"]
[WhiteElo "2427"]
[LiveChessVersion "1.4.8"]

1. e4 {[%clk 1:30:57]} c5 {[%clk 1:30:55]} 2. Nf3 {[%clk 1:31:17]} d6
{[%clk 1:31:15]} 3. Bb5+ {[%clk 1:31:04]} Bd7 {[%clk 1:31:32]} 4. Bxd7+
{[%clk 1:31:21]} Nxd7 {[%clk 1:31:53]} 5. O-O {[%clk 1:31:00]} Ngf6
{[%clk 1:31:59]} 6. Qe2 {[%clk 1:30:42]} e6 {[%clk 1:32:01]} 7. b3
{[%clk 1:30:01]} Be7 {[%clk 1:32:10]} 8. Bb2 {[%clk 1:29:45]} O-O
{[%clk 1:32:09]} 9. c4 {[%clk 1:29:32]} Qb6 {[%clk 1:31:47]} 10. d4
{[%clk 1:26:49]} d5 {[%clk 1:27:27]} 11. exd5 {[%clk 1:14:16]} exd5
{[%clk 1:27:52]} 12. Nc3 {[%clk 1:13:08]} Rfe8 {[%clk 1:25:54]} 1/2-1/2

[Event "Marianske Lazne 2023"]
[Site "?"]
[Date "2023.01.16"]
[Round "3.2"]
[White "Kusa, Jakub"]
[Black "Natsidis, Christoph"]
[Result "1/2-1/2"]
[BlackElo "2308"]
[WhiteElo "2359"]
[LiveChessVersion "1.4.8"]

1. d4 {[%clk 1:30:56]} Nf6 {[%clk 1:30:56]} 2. c4 {[%clk 1:31:17]} g6
{[%clk 1:31:20]} 3. Nc3 {[%clk 1:31:24]} d5 {[%clk 1:31:44]} 4. cxd5
{[%clk 1:31:43]} Nxd5 {[%clk 1:32:12]} 5. e4 {[%clk 1:31:53]} Nxc3
{[%clk 1:32:38]} 6. bxc3 {[%clk 1:32:13]} Bg7 {[%clk 1:33:05]} 7. Nf3
{[%clk 1:31:55]} c5 {[%clk 1:33:30]} 8. Rb1 {[%clk 1:31:58]} O-O {[%clk 1:33:52]}
9. Be2 {[%clk 1:31:53]} cxd4 {[%clk 1:34:15]} 10. cxd4 {[%clk 1:32:13]} Qa5+
{[%clk 1:34:38]} 11. Qd2 {[%clk 1:29:54]} Qxd2+ {[%clk 1:34:20]} 12. Bxd2
{[%clk 1:30:15]} b6 {[%clk 1:34:33]} 13. O-O {[%clk 1:28:19]} Bb7
{[%clk 1:34:35]} 14. d5 {[%clk 1:26:24]} Ba6 {[%clk 1:35:01]} 15. Rfe1
{[%clk 1:21:17]} Bxe2 {[%clk 1:20:27]} 16. Rxe2 {[%clk 1:21:38]} Na6
{[%clk 1:20:56]} 17. Bg5 {[%clk 1:15:23]} Rfe8 {[%clk 1:18:59]} 18. Rc1
{[%clk 1:11:19]} e6 {[%clk 1:12:26]} 1/2-1/2

[Event "Marianske Lazne 2023"]
[Site "?"]
[Date "2023.01.16"]
[Round "3.3"]
[White "Chen, Qi b"]
[Black "Adithya, A Chullikkad"]
[Result "1-0"]
[BlackElo "2196"]
[WhiteElo "2484"]
[LiveChessVersion "1.4.8"]

1. e4 {[%clk 1:30:57]} c5 {[%clk 1:30:41]} 2. Nf3 {[%clk 1:31:16]} d6
{[%clk 1:30:41]} 3. Bb5+ {[%clk 1:31:08]} Nd7 {[%clk 1:30:04]} 4. d4
{[%clk 1:31:13]} cxd4 {[%clk 1:29:46]} 5. Nxd4 {[%clk 1:31:35]} Ngf6
{[%clk 1:29:32]} 6. O-O {[%clk 1:31:51]} e5 {[%clk 1:29:05]} 7. Nf5
{[%clk 1:31:36]} a6 {[%clk 1:29:04]} 8. Ba4 {[%clk 1:31:18]} b5 {[%clk 1:25:43]}
9. Bb3 {[%clk 1:31:45]} Nc5 {[%clk 1:25:07]} 10. Nc3 {[%clk 1:31:43]} Nxb3
{[%clk 0:51:11]} 11. axb3 {[%clk 1:30:32]} Nxe4 {[%clk 0:46:26]} 12. Nxg7+
{[%clk 1:20:47]} Bxg7 {[%clk 0:46:46]} 13. Nxe4 {[%clk 1:21:11]} d5
{[%clk 0:46:25]} 14. Bg5 {[%clk 1:11:41]} Qd7 {[%clk 0:28:18]} 15. Nf6+
{[%clk 1:10:00]} Bxf6 {[%clk 0:28:30]} 16. Bxf6 {[%clk 1:10:27]} Rg8
{[%clk 0:28:31]} 17. Bxe5 {[%clk 1:10:24]} Bb7 {[%clk 0:27:47]} 18. Re1
{[%clk 1:07:32]} O-O-O {[%clk 0:28:06]} 19. Qd4 {[%clk 1:06:16]} Rg6
{[%clk 0:28:05]} 20. Bg3 {[%clk 1:05:30]} Rdg8 {[%clk 0:20:15]} 21. Re3
{[%clk 1:04:53]} h5 {[%clk 0:15:39]} 22. Qf4 {[%clk 1:03:42]} Kd8
{[%clk 0:15:38]} 23. Rae1 {[%clk 1:03:28]} Re6 {[%clk 0:14:32]} 24. Rxe6
{[%clk 0:55:03]} fxe6 {[%clk 0:14:55]} 25. Qf6+ {[%clk 0:55:32]} Kc8
{[%clk 0:13:23]} 26. Rxe6 {[%clk 0:55:32]} Re8 {[%clk 0:11:26]} 27. Qc3+
{[%clk 0:55:56]} 1-0

[Event "Marianske Lazne 2023"]
[Site "?"]
[Date "2023.01.16"]
[Round "3.4"]
[White "Seemann, Jakub"]
[Black "Petr, Martin"]
[Result "1/2-1/2"]
[BlackElo "2508"]
[WhiteElo "2389"]
[LiveChessVersion "1.4.8"]

1. e4 {[%clk 1:30:47]} e6 {[%clk 1:30:51]} 2. d4 {[%clk 1:31:04]} d5
{[%clk 1:31:15]} 3. Nd2 {[%clk 1:31:23]} c5 {[%clk 1:31:02]} 4. Ngf3
{[%clk 1:31:47]} cxd4 {[%clk 1:30:49]} 5. Nxd4 {[%clk 1:32:12]} Nc6
{[%clk 1:27:43]} 6. Bb5 {[%clk 1:32:33]} Bd7 {[%clk 1:28:07]} 7. Nxc6
{[%clk 1:32:58]} Bxc6 {[%clk 1:28:33]} 8. Qe2 {[%clk 1:27:13]} Nf6
{[%clk 1:27:43]} 9. O-O {[%clk 1:20:51]} Be7 {[%clk 1:21:41]} 10. e5
{[%clk 0:58:50]} Bxb5 {[%clk 1:12:21]} 11. Qxb5+ {[%clk 0:57:25]} Nd7
{[%clk 1:12:50]} 12. Qxb7 {[%clk 0:40:07]} Nxe5 {[%clk 1:12:51]} 13. c4
{[%clk 0:40:23]} Qc8 {[%clk 0:55:11]} 14. Qxc8+ {[%clk 0:37:07]} Rxc8
{[%clk 0:55:39]} 15. cxd5 {[%clk 0:37:23]} exd5 {[%clk 0:55:57]} 16. Nb3
{[%clk 0:37:33]} O-O {[%clk 0:52:54]} 17. Be3 {[%clk 0:35:52]} Nc6
{[%clk 0:46:35]} 18. Bc5 {[%clk 0:25:46]} Rfd8 {[%clk 0:37:06]} 19. Bxe7
{[%clk 0:23:52]} Nxe7 {[%clk 0:37:33]} 20. Rfc1 {[%clk 0:22:49]} Kf8
{[%clk 0:35:32]} 21. Kf1 {[%clk 0:22:59]} Ng6 {[%clk 0:34:48]} 22. Nc5
{[%clk 0:18:26]} Nf4 {[%clk 0:32:29]} 23. g3 {[%clk 0:17:50]} Ne6
{[%clk 0:32:49]} 24. Nd3 {[%clk 0:17:27]} Ke7 {[%clk 0:32:10]} 25. Ke2
{[%clk 0:12:18]} Kd6 {[%clk 0:29:14]} 26. Kd2 {[%clk 0:11:41]} g5
{[%clk 0:22:01]} 27. h3 {[%clk 0:09:57]} h5 {[%clk 0:21:47]} 28. Rf1
{[%clk 0:08:34]} h4 {[%clk 0:11:13]} 29. g4 {[%clk 0:07:06]} Rc4 {[%clk 0:10:25]}
30. Rac1 {[%clk 0:02:00]} Ra4 {[%clk 0:04:39]} 31. a3 {[%clk 0:01:21]} Rb8
{[%clk 0:03:00]} 32. Rc3 {[%clk 0:01:41]} Rc4 {[%clk 0:02:26]} 33. Rfc1
{[%clk 0:01:04]} Rxc3 {[%clk 0:02:26]} 34. Rxc3 {[%clk 0:01:11]} Rf8
{[%clk 0:02:01]} 35. Nb4 {[%clk 0:00:33]} f5 {[%clk 0:01:59]} 36. Rc6+
{[%clk 0:00:38]} Kd7 {[%clk 0:02:22]} 37. gxf5 {[%clk 0:00:33]} Rxf5
{[%clk 0:02:48]} 38. Ra6 {[%clk 0:00:47]} Rxf2+ {[%clk 0:03:04]} 39. Ke3
{[%clk 0:01:09]} Rxb2 {[%clk 0:02:31]} 40. Rxa7+ {[%clk 0:01:30]} Kd6
{[%clk 0:01:44]} 41. Ra6+ {[%clk 0:01:52]} Kd7 {[%clk 0:00:39]} 42. Ra7+
{[%clk 0:02:16]} Kd6 {[%clk 0:20:34]} 1/2-1/2

[Event "Marianske Lazne 2023"]
[Site "?"]
[Date "2023.01.16"]
[Round "3.5"]
[White "Stefansson, Hannes"]
[Black "Gaehwiler, Gabriel"]
[Result "1/2-1/2"]
[BlackElo "2408"]
[WhiteElo "2526"]
[LiveChessVersion "1.4.8"]

1. d4 {[%clk 1:30:57]} Nf6 {[%clk 1:27:05]} 2. c4 {[%clk 1:31:11]} e6
{[%clk 1:26:30]} 3. Nf3 {[%clk 1:29:50]} d5 {[%clk 1:24:16]} 4. g3
{[%clk 1:29:45]} Bb4+ {[%clk 1:16:22]} 5. Bd2 {[%clk 1:29:29]} Be7
{[%clk 1:16:29]} 6. Bg2 {[%clk 1:29:24]} O-O {[%clk 1:16:48]} 7. O-O
{[%clk 1:29:16]} c6 {[%clk 1:15:56]} 8. Qc2 {[%clk 1:27:33]} Nbd7
{[%clk 1:11:27]} 9. Rd1 {[%clk 1:16:06]} b6 {[%clk 1:05:56]} 10. Bf4
{[%clk 1:15:45]} Bb7 {[%clk 0:58:13]} 11. Nc3 {[%clk 1:07:18]} dxc4
{[%clk 0:54:11]} 12. Nd2 {[%clk 1:03:59]} Nd5 {[%clk 0:52:01]} 13. Nxc4
{[%clk 1:04:16]} Nxf4 {[%clk 0:52:22]} 14. gxf4 Qc7 15. e3 {[%clk 1:03:08]} c5
{[%clk 0:45:14]} 16. Nb5 {[%clk 0:48:07]} Qb8 {[%clk 0:44:32]} 17. dxc5
{[%clk 0:48:13]} Nxc5 {[%clk 0:42:10]} 18. b4 {[%clk 0:46:30]} Bxg2
{[%clk 0:32:42]} 19. Kxg2 {[%clk 0:46:53]} Na6 {[%clk 0:32:54]} 20. a3
{[%clk 0:46:30]} Nc7 {[%clk 0:32:33]} 21. Nxc7 {[%clk 0:35:56]} Qxc7
{[%clk 0:33:00]} 22. Qe4 {[%clk 0:36:13]} Rac8 {[%clk 0:15:23]} 23. Ne5
{[%clk 0:25:40]} Bf6 {[%clk 0:15:15]} 24. Rac1 {[%clk 0:24:25]} Qxc1
{[%clk 0:14:10]} 25. Rxc1 {[%clk 0:24:50]} Rxc1 {[%clk 0:14:33]} 26. Nc6
{[%clk 0:20:32]} a6 {[%clk 0:14:05]} 27. a4 {[%clk 0:20:18]} b5 {[%clk 0:10:42]}
28. axb5 {[%clk 0:17:40]} axb5 {[%clk 0:10:43]} 29. Ne5 {[%clk 0:16:47]} Bxe5
{[%clk 0:09:47]} 30. Qxe5 {[%clk 0:17:12]} Rcc8 {[%clk 0:09:03]} 31. f5
{[%clk 0:16:52]} exf5 {[%clk 0:09:22]} 32. Qxf5 {[%clk 0:17:17]} Rc4
{[%clk 0:06:31]} 33. Qxb5 {[%clk 0:16:49]} Rcc8 {[%clk 0:06:57]} 34. h4
{[%clk 0:14:16]} Rb8 {[%clk 0:07:19]} 35. Qc5 {[%clk 0:14:00]} Rb7
{[%clk 0:07:19]} 36. Kg3 {[%clk 0:12:17]} Rfb8 {[%clk 0:07:43]} 37. Qd5
{[%clk 0:10:54]} Rxb4 {[%clk 0:07:52]} 38. Qd6 {[%clk 0:11:04]} R4b6
{[%clk 0:08:05]} 39. Qc7 {[%clk 0:11:11]} R6b7 {[%clk 0:08:12]} 40. Qd6
{[%clk 0:11:31]} Rb6 {[%clk 0:08:37]} 41. Qc7 {[%clk 0:11:57]} Rg6+
{[%clk 0:05:51]} 42. Kf3 {[%clk 0:10:56]} Re8 {[%clk 0:05:42]} 43. Qd7
{[%clk 0:10:31]} Rf6+ {[%clk 0:30:10]} 44. Kg3 {[%clk 0:40:51]} Rg6+
{[%clk 0:30:35]} 45. Kf3 {[%clk 0:41:16]} Rf6+ {[%clk 0:27:05]} 46. Kg3
{[%clk 0:41:37]} Rg6+ {[%clk 0:27:29]} 1/2-1/2

[Event "Marianske Lazne 2023"]
[Site "?"]
[Date "2023.01.16"]
[Round "3.6"]
[White "Finek, Vaclav"]
[Black "Lalic, Bogdan"]
[Result "1-0"]
[BlackElo "2392"]
[WhiteElo "2406"]
[LiveChessVersion "1.4.8"]

1. d4 {[%clk 1:30:55]} d5 {[%clk 1:30:41]} 2. Nf3 {[%clk 1:31:13]} Nf6
{[%clk 1:30:28]} 3. g3 {[%clk 1:31:35]} c5 4. Bg2 cxd4 {[%clk 1:30:28]} 5. O-O
{[%clk 1:32:03]} h6 {[%clk 1:30:20]} 6. a3 {[%clk 1:29:53]} Nc6 {[%clk 1:30:17]}
7. Nxd4 {[%clk 1:29:18]} e5 {[%clk 1:30:36]} 8. Nxc6 {[%clk 1:29:42]} bxc6
{[%clk 1:31:01]} 9. c4 {[%clk 1:28:48]} Be7 {[%clk 1:29:29]} 10. b4
{[%clk 1:26:25]} Be6 {[%clk 1:27:59]} 11. Bb2 {[%clk 1:19:43]} Qd6
{[%clk 1:26:21]} 12. Nd2 {[%clk 1:10:10]} O-O {[%clk 1:26:08]} 13. Qc2
{[%clk 1:08:36]} a5 {[%clk 1:24:28]} 14. c5 {[%clk 0:55:58]} Qb8 {[%clk 1:18:56]}
15. Nf3 {[%clk 0:53:25]} Nd7 {[%clk 1:08:42]} 16. Qd2 {[%clk 0:49:27]} Ra7
{[%clk 1:06:26]} 17. e3 {[%clk 0:45:40]} Bd8 {[%clk 1:05:23]} 18. Bc3
{[%clk 0:44:20]} Bc7 {[%clk 1:05:26]} 19. Qc2 {[%clk 0:42:04]} Qb7
{[%clk 1:00:50]} 20. Rfb1 {[%clk 0:40:36]} axb4 {[%clk 0:59:51]} 21. axb4
{[%clk 0:40:00]} Rfa8 {[%clk 0:59:53]} 22. Qb2 {[%clk 0:33:30]} f6
{[%clk 0:58:09]} 23. Rxa7 {[%clk 0:32:17]} Qxa7 {[%clk 0:57:36]} 24. Qc1
{[%clk 0:26:24]} Nb8 {[%clk 0:48:51]} 25. Bf1 {[%clk 0:24:44]} Bf5
{[%clk 0:47:46]} 26. Ra1 {[%clk 0:24:47]} Qb7 {[%clk 0:48:12]} 27. Ra3
{[%clk 0:22:33]} Bc8 {[%clk 0:47:11]} 28. Ne1 {[%clk 0:18:17]} Rxa3
{[%clk 0:47:06]} 29. Qxa3 {[%clk 0:18:43]} Na6 {[%clk 0:46:26]} 30. f4
{[%clk 0:17:21]} exf4 {[%clk 0:36:43]} 31. exf4 {[%clk 0:17:08]} Bd8 32. Bd2
{[%clk 0:15:04]} Nc7 {[%clk 0:36:59]} 33. Nf3 Bg4 {[%clk 0:31:32]} 34. h3 Bxf3
35. Qxf3 Nb5 36. Bd3 Kf8 37. Qg4 Nd4 38. Bc3 f5 39. Bxf5 Bf6 40. Bg6 Ke7 41. f5
Nb3 42. Qe2+ Kd8 43. Qe8+ Kc7 44. Be5+ Bxe5 45. Qxe5+ Kd8 46. Qd6+ Qd7 47. Qf8+
Kc7 48. Be8 1-0

[Event "Marianske Lazne 2023"]
[Site "?"]
[Date "2023.01.16"]
[Round "3.7"]
[White "Pajeken, Jakob Leon"]
[Black "Sorm, Daniel"]
[Result "1-0"]
[BlackElo "2302"]
[WhiteElo "2449"]
[LiveChessVersion "1.4.8"]

1. e4 {[%clk 1:30:55]} c5 {[%clk 1:30:39]} 2. Nf3 {[%clk 1:30:58]} g6
{[%clk 1:30:42]} 3. c3 {[%clk 1:27:04]} d5 {[%clk 1:30:47]} 4. exd5
{[%clk 1:26:58]} Qxd5 {[%clk 1:31:04]} 5. Na3 {[%clk 1:26:37]} Bg7
{[%clk 1:27:07]} 6. Bc4 {[%clk 1:18:07]} Qe4+ {[%clk 1:20:33]} 7. Kf1
{[%clk 1:16:38]} Be6 {[%clk 1:14:00]} 8. Bxe6 {[%clk 1:02:11]} Qxe6
{[%clk 1:13:58]} 9. d4 {[%clk 0:58:33]} cxd4 {[%clk 1:06:06]} 10. Nxd4
{[%clk 0:56:41]} Qd7 {[%clk 1:02:41]} 11. Be3 {[%clk 0:55:24]} Nf6
{[%clk 0:42:52]} 12. Ndb5 {[%clk 0:52:01]} a6 {[%clk 0:42:32]} 13. Qxd7+
{[%clk 0:52:09]} Kxd7 {[%clk 0:42:55]} 14. Rd1+ {[%clk 0:51:27]} Kc8
{[%clk 0:37:10]} 15. Nc4 {[%clk 0:46:15]} Nbd7 {[%clk 0:22:27]} 16. Nd4
{[%clk 0:45:58]} Nd5 {[%clk 0:19:57]} 17. Ke2 {[%clk 0:40:52]} Nxe3
{[%clk 0:17:01]} 18. Nxe3 {[%clk 0:39:03]} Nf6 {[%clk 0:10:30]} 19. Nf3
{[%clk 0:37:50]} Kc7 {[%clk 0:09:26]} 20. Ne5 {[%clk 0:36:14]} Rhf8
{[%clk 0:09:34]} 21. g4 {[%clk 0:33:57]} Bh6 {[%clk 0:06:20]} 22. Kf3
{[%clk 0:31:47]} e6 {[%clk 0:03:32]} 23. h4 {[%clk 0:31:09]} Bxe3
{[%clk 0:03:46]} 24. fxe3 {[%clk 0:31:24]} Nd5 {[%clk 0:02:20]} 25. c4
{[%clk 0:31:16]} f6 {[%clk 0:01:10]} 26. Nxg6 {[%clk 0:31:25]} hxg6
{[%clk 0:01:04]} 27. cxd5 {[%clk 0:31:52]} e5 {[%clk 0:01:07]} 28. h5
{[%clk 0:29:02]} gxh5 {[%clk 0:01:32]} 29. Rxh5 {[%clk 0:29:13]} Rf7
{[%clk 0:01:19]} 30. g5 {[%clk 0:25:55]} fxg5+ {[%clk 0:00:53]} 31. Ke4
{[%clk 0:26:22]} Rg8 {[%clk 0:00:59]} 32. Kxe5 {[%clk 0:22:31]} Kd7
{[%clk 0:01:27]} 33. Rdh1 {[%clk 0:12:48]} Rgg7 {[%clk 0:01:29]} 34. d6
{[%clk 0:12:29]} g4 {[%clk 0:01:16]} 35. Rc1 {[%clk 0:12:41]} g3 {[%clk 0:00:33]}
36. Rc7+ {[%clk 0:13:06]} Ke8 {[%clk 0:00:54]} 37. Rh8+ {[%clk 0:13:02]} Rf8
{[%clk 0:01:19]} 38. Rxf8+ {[%clk 0:12:05]} Kxf8 {[%clk 0:01:43]} 39. Kf6
{[%clk 0:12:23]} 1-0

[Event "Marianske Lazne 2023"]
[Site "?"]
[Date "2023.01.16"]
[Round "3.8"]
[White "Leisch, Lukas"]
[Black "Krejci, Jan"]
[Result "1/2-1/2"]
[BlackElo "2522"]
[WhiteElo "2378"]
[LiveChessVersion "1.4.8"]

1. c4 {[%clk 1:30:57]} e5 {[%clk 1:30:52]} 2. g3 {[%clk 1:30:34]} Nc6
{[%clk 1:31:09]} 3. Bg2 {[%clk 1:30:56]} Bc5 {[%clk 1:31:34]} 4. Nc3
{[%clk 1:30:36]} a6 {[%clk 1:31:06]} 5. e3 {[%clk 1:30:47]} d6 {[%clk 1:31:24]}
6. Nge2 {[%clk 1:30:56]} Ba7 {[%clk 1:31:33]} 7. d4 {[%clk 1:31:09]} exd4
{[%clk 1:29:51]} 8. exd4 {[%clk 1:23:19]} Nge7 {[%clk 1:29:40]} 9. Be3
{[%clk 1:18:04]} Nf5 {[%clk 1:26:14]} 10. Qd2 {[%clk 1:18:04]} O-O
{[%clk 1:23:39]} 11. O-O {[%clk 1:15:30]} Bd7 {[%clk 1:20:25]} 12. Rad1
{[%clk 1:03:35]} Rb8 {[%clk 1:17:20]} 13. b3 {[%clk 0:58:50]} Re8
{[%clk 1:15:51]} 14. Bg5 {[%clk 0:55:52]} f6 {[%clk 1:07:21]} 15. Be3
{[%clk 0:56:17]} b5 {[%clk 1:01:17]} 16. Nd5 {[%clk 0:54:28]} Kh8
{[%clk 0:57:45]} 17. h3 {[%clk 0:46:26]} Nce7 {[%clk 0:56:33]} 18. Nef4
{[%clk 0:43:46]} c6 {[%clk 0:51:53]} 19. Nxe7 {[%clk 0:42:41]} Qxe7
{[%clk 0:51:38]} 20. Rfe1 {[%clk 0:42:26]} bxc4 {[%clk 0:50:30]} 21. bxc4
{[%clk 0:42:54]} Qf7 {[%clk 0:50:41]} 22. Bf1 {[%clk 0:40:47]} g5
{[%clk 0:42:41]} 23. Ng2 {[%clk 0:40:57]} Nxe3 {[%clk 0:41:49]} 24. Nxe3
{[%clk 0:40:42]} f5 {[%clk 0:41:25]} 25. c5 {[%clk 0:30:02]} dxc5
{[%clk 0:19:56]} 1/2-1/2

[Event "Marianske Lazne 2023"]
[Site "?"]
[Date "2023.01.16"]
[Round "3.9"]
[White "Niedbala, Bartlomiej"]
[Black "Can, Isik"]
[Result "1/2-1/2"]
[BlackElo "2488"]
[WhiteElo "2390"]
[LiveChessVersion "1.4.8"]

1. e4 {[%clk 1:30:57]} c5 {[%clk 1:28:05]} 2. Nf3 {[%clk 1:31:19]} d6
{[%clk 1:28:30]} 3. d4 {[%clk 1:31:44]} cxd4 {[%clk 1:28:58]} 4. Nxd4
{[%clk 1:32:10]} Nf6 {[%clk 1:29:24]} 5. Nc3 {[%clk 1:32:27]} a6 {[%clk 1:29:52]}
6. Rg1 {[%clk 1:32:51]} b5 {[%clk 1:28:53]} 7. a4 {[%clk 1:31:58]} b4
{[%clk 1:25:58]} 8. Nd5 {[%clk 1:31:34]} e6 {[%clk 1:25:16]} 9. Nxf6+
{[%clk 1:31:57]} Qxf6 {[%clk 1:25:06]} 10. Be3 {[%clk 1:31:51]} Bb7
{[%clk 1:13:59]} 11. Qd2 {[%clk 1:32:07]} Bxe4 {[%clk 1:06:15]} 12. O-O-O
{[%clk 1:15:01]} Be7 {[%clk 0:55:55]} 13. f3 {[%clk 0:48:56]} Bd5
{[%clk 0:50:45]} 14. g4 {[%clk 0:45:47]} Nd7 {[%clk 0:45:15]} 15. g5
{[%clk 0:33:11]} Qg6 {[%clk 0:43:46]} 16. Bd3 {[%clk 0:19:18]} Qh5
{[%clk 0:44:10]} 17. Be2 {[%clk 0:19:07]} b3 {[%clk 0:20:20]} 1/2-1/2

[Event "Marianske Lazne 2023"]
[Site "?"]
[Date "2023.01.16"]
[Round "3.10"]
[White "Haba, Petr"]
[Black "Ricken, Katharina"]
[Result "1/2-1/2"]
[BlackElo "2177"]
[WhiteElo "2450"]
[LiveChessVersion "1.4.8"]

1. d4 {[%clk 1:30:44]} e6 {[%clk 1:30:56]} 2. e4 {[%clk 1:30:56]} d5
{[%clk 1:31:22]} 3. e5 {[%clk 1:31:21]} c5 {[%clk 1:31:49]} 4. c3
{[%clk 1:31:40]} Nc6 {[%clk 1:32:15]} 5. Nf3 {[%clk 1:32:00]} Nge7
{[%clk 1:32:40]} 6. Bd3 {[%clk 1:31:55]} cxd4 {[%clk 1:33:06]} 7. cxd4
{[%clk 1:32:19]} Nf5 {[%clk 1:33:33]} 8. Bxf5 {[%clk 1:32:35]} exf5
{[%clk 1:34:02]} 9. Nc3 {[%clk 1:32:52]} Be6 {[%clk 1:34:27]} 10. Ne2
{[%clk 1:32:59]} Be7 {[%clk 1:34:40]} 11. h4 {[%clk 1:33:15]} h6 {[%clk 1:34:47]}
12. Kf1 {[%clk 1:33:26]} Qb6 {[%clk 1:31:51]} 13. Kg1 {[%clk 1:33:21]} O-O-O
{[%clk 1:26:27]} 14. h5 {[%clk 1:32:00]} Kb8 {[%clk 1:25:06]} 15. Nf4
{[%clk 1:31:46]} Rc8 {[%clk 1:23:48]} 16. Rh3 {[%clk 1:30:32]} Rhd8
{[%clk 1:22:24]} 17. Rb1 {[%clk 1:28:39]} Rc7 {[%clk 1:21:18]} 18. Rg3
{[%clk 1:23:04]} Bf8 {[%clk 1:21:11]} 19. Be3 {[%clk 1:23:04]} Rdc8
{[%clk 1:20:15]} 20. Ne1 {[%clk 1:19:11]} Qa6 {[%clk 1:15:06]} 21. a3
{[%clk 1:16:14]} Na5 {[%clk 1:14:31]} 22. Ned3 {[%clk 1:03:37]} Nc4
{[%clk 1:10:15]} 23. Nxe6 {[%clk 1:02:41]} Qxe6 {[%clk 1:05:42]} 24. Nf4
{[%clk 0:57:03]} Qd7 {[%clk 1:05:19]} 25. Qf3 {[%clk 0:52:39]} Nb6
{[%clk 1:04:34]} 26. Bd2 {[%clk 0:43:03]} Rc4 {[%clk 1:02:30]} 27. Qd3
{[%clk 0:41:04]} Na8 {[%clk 1:00:01]} 28. Kh2 {[%clk 0:28:09]} Nc7
{[%clk 0:55:08]} 29. b3 {[%clk 0:26:55]} Rc6 {[%clk 0:55:28]} 30. Ba5
{[%clk 0:26:26]} Ne6 {[%clk 0:46:38]} 31. Qxf5 {[%clk 0:24:53]} Rc2
{[%clk 0:46:24]} 32. Be1 {[%clk 0:13:05]} 1/2-1/2

[Event "Marianske Lazne 2023"]
[Site "?"]
[Date "2023.01.16"]
[Round "3.11"]
[White "Terhuven, Patrick"]
[Black "Koridze, Lile"]
[Result "1/2-1/2"]
[BlackElo "2139"]
[WhiteElo "2174"]
[LiveChessVersion "1.4.8"]

1. Nf3 {[%clk 1:30:57]} Nf6 {[%clk 1:30:57]} 2. g3 {[%clk 1:31:21]} b5
{[%clk 1:31:25]} 3. d4 {[%clk 1:30:21]} Bb7 {[%clk 1:30:59]} 4. Bg2
{[%clk 1:30:36]} e6 {[%clk 1:30:24]} 5. a4 {[%clk 1:30:08]} a6 {[%clk 1:26:58]}
6. O-O {[%clk 1:29:11]} Be7 {[%clk 1:25:50]} 7. axb5 {[%clk 1:27:30]} axb5
{[%clk 1:26:17]} 8. Rxa8 {[%clk 1:27:35]} Bxa8 {[%clk 1:26:41]} 9. Qd3
{[%clk 1:26:01]} c6 {[%clk 1:10:13]} 10. Nbd2 {[%clk 1:19:05]} Bb7
{[%clk 1:06:50]} 11. c3 {[%clk 1:17:02]} O-O {[%clk 1:05:12]} 12. b4
{[%clk 1:11:36]} d6 {[%clk 1:02:54]} 13. Nb3 {[%clk 1:07:20]} Nbd7
{[%clk 1:02:10]} 14. Bg5 {[%clk 0:59:32]} Nb6 {[%clk 0:51:05]} 15. Na5
{[%clk 0:51:44]} Qc7 {[%clk 0:49:49]} 16. Nd2 {[%clk 0:48:59]} d5
{[%clk 0:33:48]} 17. Bf4 {[%clk 0:46:19]} Qc8 {[%clk 0:31:28]} 18. Ra1
{[%clk 0:41:14]} Ne8 {[%clk 0:29:13]} 19. e4 {[%clk 0:38:56]} Nd6
{[%clk 0:28:01]} 20. Bxd6 {[%clk 0:31:21]} Bxd6 {[%clk 0:28:26]} 21. e5
{[%clk 0:31:27]} Be7 {[%clk 0:27:49]} 22. f4 {[%clk 0:29:35]} Qc7 23. g4
{[%clk 0:25:13]} Ra8 {[%clk 0:27:32]} 24. Rf1 {[%clk 0:24:14]} Nc4
{[%clk 0:27:42]} 25. Ndxc4 {[%clk 0:20:19]} bxc4 {[%clk 0:27:54]} 26. Qe3
{[%clk 0:19:37]} Bc8 {[%clk 0:28:19]} 27. f5 {[%clk 0:17:26]} c5 {[%clk 0:24:43]}
28. f6 {[%clk 0:15:30]} Bf8 {[%clk 0:24:46]} 29. fxg7 {[%clk 0:12:03]} Bxg7
{[%clk 0:25:02]} 30. dxc5 {[%clk 0:09:49]} Qxe5 {[%clk 0:24:23]} 31. Qxe5
{[%clk 0:08:13]} Bxe5 {[%clk 0:24:48]} 32. Rc1 {[%clk 0:07:43]} Ba6
{[%clk 0:21:47]} 33. h3 {[%clk 0:07:19]} Bb5 {[%clk 0:20:25]} 34. Kf2
{[%clk 0:06:43]} Kf8 {[%clk 0:17:18]} 35. Ke3 {[%clk 0:04:31]} Rd8
{[%clk 0:14:06]} 36. Kf2 {[%clk 0:03:47]} Ra8 {[%clk 0:10:51]} 37. Ke3
{[%clk 0:03:50]} Bf6 {[%clk 0:10:24]} 38. Ke2 {[%clk 0:03:15]} Ra7
{[%clk 0:09:25]} 39. Rc2 {[%clk 0:02:36]} Bd8 {[%clk 0:05:00]} 40. Ra2
{[%clk 0:02:49]} Bf6 {[%clk 0:02:13]} 1/2-1/2

[Event "Marianske Lazne 2023"]
[Site "?"]
[Date "2023.01.16"]
[Round "3.12"]
[White "Pourquet, Matthieu"]
[Black "Krivenko, Dion"]
[Result "1/2-1/2"]
[BlackElo "2141"]
[WhiteElo "2212"]
[LiveChessVersion "1.4.8"]

1. d4 {[%clk 1:26:27]} Nf6 {[%clk 1:30:54]} 2. c4 {[%clk 1:26:54]} g6
{[%clk 1:31:20]} 3. Nc3 {[%clk 1:27:20]} Bg7 {[%clk 1:31:42]} 4. e4
{[%clk 1:27:44]} d6 {[%clk 1:32:07]} 5. Be2 {[%clk 1:27:17]} O-O {[%clk 1:32:10]}
6. Be3 {[%clk 1:27:44]} c5 {[%clk 1:29:19]} 7. d5 {[%clk 1:27:37]} e6
{[%clk 1:22:10]} 8. Nf3 {[%clk 1:28:03]} exd5 {[%clk 1:22:09]} 9. cxd5
{[%clk 1:28:27]} b5 {[%clk 1:19:58]} 10. e5 {[%clk 1:28:51]} dxe5
{[%clk 1:12:45]} 11. Bxc5 {[%clk 1:28:47]} Re8 {[%clk 1:12:25]} 12. Bxb5
{[%clk 1:19:55]} Nbd7 {[%clk 1:08:09]} 13. Ba3 {[%clk 1:17:33]} Qb6
{[%clk 1:04:13]} 14. O-O {[%clk 1:14:43]} Ba6 {[%clk 1:03:48]} 15. Bxa6
{[%clk 0:49:58]} Qxa6 {[%clk 1:03:48]} 16. Re1 {[%clk 0:48:45]} Rad8
{[%clk 1:02:37]} 17. Qe2 {[%clk 0:39:45]} Qxe2 {[%clk 0:48:00]} 18. Rxe2
{[%clk 0:39:59]} Nb6 {[%clk 0:47:54]} 19. Rxe5 {[%clk 0:35:28]} Nc4
{[%clk 0:42:53]} 20. Rxe8+ {[%clk 0:35:00]} Nxe8 {[%clk 0:41:20]} 21. Bc5
{[%clk 0:29:53]} Nxb2 {[%clk 0:39:09]} 22. Bd4 {[%clk 0:22:16]} Nc7
{[%clk 0:36:46]} 23. Re1 {[%clk 0:14:44]} 1/2-1/2